Úspěšné rybaření /

Hlavní autor: Kölbing, Alexander, 1942-
Další autoři: Seifert, Kurt
Jazyk: Čeština
Vydáno: Praha : Cesty, 2000
Vydání: České vyd. 1.
Témata:
Externí odkaz: Digitalizovaný dokument
Fyzický popis: 128 s. : barev. il. ; 21 cm
Knihy
Uloženo v:
LEADER 01181nam a2200349 a 4500
001 000626988
003 CZ BrMZK
005 20090211141343.0
007 ta
008 021002s2000 xr e f cze d
015 |a cnb001190288 
020 |a 80-7181-392-3 
035 |a (OCoLC)53260968 
040 |a BOA001  |b cze 
041 1 |a cze  |h ger 
072 7 |a 639.2/.6  |x Rybářství  |2 Konspekt  |9 24 
080 |a 639.2  |2 MRF 
080 |a (035)  |2 MRF 
100 1 |a Kölbing, Alexander,  |d 1942-  |7 jo20000070917  |4 aut 
245 1 0 |a Úspěšné rybaření /  |c Alexander Kölbing, Kurt Seifert 
250 |a České vyd. 1. 
260 |a Praha :  |b Cesty,  |c 2000 
300 |a 128 s. :  |b barev. il. ;  |c 21 cm 
504 |a Obsahuje bibliografii 
650 0 7 |a rybolov  |7 ph125362  |2 czenas 
655 7 |a příručky  |7 fd133209  |2 czenas 
700 1 |a Seifert, Kurt  |7 xx0002052  |4 aut 
765 0 |t Richtig angeln  |9 Česky 
856 4 1 |u http://www.digitalniknihovna.cz/mzk/uuid/uuid:9a475300-01ed-11e4-89c6-005056827e51  |y Digitalizovaný dokument  |x NDK 
910 |a BOA001  |b 2-1107.471 
990 |a BK 
996 6 |b 2610171865  |c 2-1107.471  |l MZK  |r Sklad / do 1 hodiny  |n 1  |p p.v.  |w 000626988  |u 000010  |a 1  |e BOA001  |j MZK50  |s P